Dejiny filozofie /

Na minha lista:
Detalhes bibliográficos
Main Authors: Leško, Vladimír (Author), Mihina, František (Author)
Formato: Livro
Idioma:eslovaco
Publicado em: Bratislava : IRIS-Knižní klub, 1994
Edição:2.vyd.
Tags: Adicionar Tag
Sem tags, seja o primeiro a adicionar uma tag!

MARC

LEADER 00000nam a22000003a 4500
001 stu22980
005 20150617225751.0
008 941213s1994----cs------------------slo-d
020 |a 80-967013-8-X 
040 |a STU  |b slo 
041 0 |a slo 
044 |a cs 
080 |a 113/125 
100 1 |a Leško, Vladimír  |4 aut 
245 1 |a Dejiny filozofie /  |c Leško,V., Mihina,F. a kol 
250 |a 2.vyd. 
260 |a Bratislava :  |b IRIS-Knižní klub,  |c 1994 
300 |a 357 s 
700 1 |a Mihina, František  |4 aut 
996 |b C93383  |c C*93383  |l CCXII  |s P  |a 0  |w stu22980_0001